| 000 | 00497nam a2200133Ia 4500 | ||
|---|---|---|---|
| 008 | 171212s9999 xx 000 0 und d | ||
| 020 | _a9780874217414 | ||
| 100 | _aAustin, Dennis D. | ||
| 245 |
_cAustin, Dennis D. _aMule Deer _bA Handbook for Utah Hunters and Landowners |
||
| 260 |
_bUniversity Press of Colorado _c2010 |
||
| 650 | _aBiological Sciences | ||
| 650 | _aMule deer hunting -- Utah; Mule deer -- Utah; Wildlife management -- Utah | ||
| 856 | _uwww.jstor.org/stable/10.2307/j.ctt4cgrdx | ||
| 999 |
_c353117 _d353117 |
||